عرض عادي
عرض مارك
- Medical sciences
مدخل مصطلح موضوعي
001 - رقم الضبط
- حقل الضبط: 13943
003 - معرف رقم الضبط
- حقل الضبط: OSt
005 - تاريخ ووقت أخر عملية
- حقل الضبط: 20120514000109.0
008 - عناصر بيانات ثابتة الطول
- حقل تحكم ثابت الطول: 120514|||a|||||| | ||| d
040 ## - مصدر الفهرسة
- هيئة الفهرسة الأصلية: OSt
- وكالة الكتابة: OSt
150 ## - مدخل-- مصطلح تاريخي
- عنصر مدخل المصطلح الموضوعي او الاسم الجغرافي: Medical sciences
- تفريع شكلي: Outlines, syllabi, etc.
670 ## - بيانات المصدر موجوده
- الاستشهاد بالمصدر: Work cat.: (OSt)24108: Lyons, Ian, author. 13942, Lecture notes. Biomedical science /, 2011, ©2011.
